[Event "Braunau op"]
[Site "Braunau"]
[Date "2013.09.21"]
[Round "2"]
[White "Dovzik, Juri"]
[Black "Thanner, Daniel"]
[Result "1/2-1/2"]
[WhiteElo "2338"]
[BlackElo "2042"]
[PlyCount "52"]
[EventDate "2013.09.20"]
[EventType "swiss"]
[EventRounds "5"]
[EventCountry "AUT"]
[SourceTitle "CBM 156 Extra"]
[Source "ChessBase"]
[SourceDate "2013.10.22"]
[SourceVersion "1"]
[SourceVersionDate "2013.10.22"]
[SourceQuality "1"]

1. d4 d5 2. c4 e6 3. Nf3 c5 4. e3 Nf6 5. Nc3 Nc6 6. a3 a6 7. dxc5 Bxc5 8. b4 Ba7 9. Bb2 0-0 10. cxd5 exd5 11. Be2 d4 12. exd4 Nxd4 13. Nxd4 Qxd4 14. Qxd4 Bxd4 15. Rd1 Be5 16. 0-0 Bg4 17. Bxg4 Nxg4 18. h3 Rac8 19. Nd5 Rfe8 20. Bxe5 Nxe5 21. Rfe1 Nc6 22. Rxe8+ Rxe8 23. Nb6 Rd8 24. Rd7 Rxd7 25. Nxd7 b5 26. Nc5 a5 1/2-1/2

[Event "Landesliga U20 Sued 1011"]
[Site "Bayern"]
[Date "2011.04.02"]
[Round "7.1"]
[White "Dauer, Maximilian"]
[Black "Thanner, Daniel"]
[Result "0-1"]
[WhiteElo "1943"]
[BlackElo "1996"]
[PlyCount "106"]
[EventDate "2010.10.16"]
[EventType "team-tourn"]
[EventRounds "7"]
[EventCountry "GER"]
[SourceTitle "EXT 2022"]
[Source "ChessBase"]
[SourceDate "2021.10.06"]
[SourceVersion "1"]
[SourceVersionDate "2021.10.06"]
[SourceQuality "1"]
[WhiteTeam "Koetz/Ichenhausen U20"]
[BlackTeam "Ortenburg U20"]
[WhiteTeamCountry "GER"]
[BlackTeamCountry "GER"]

1. e4 c5 2. c3 d5 3. exd5 Qxd5 4. d4 g6 5. Nf3 cxd4 6. cxd4 Bg7 7. Nc3 Qa5 8. Be2 Nf6 9. 0-0 0-0 10. Be3 Nc6 11. a3 a6 12. b4 Qd8 13. Rc1 e6 14. Qb3 Ne7 15. Rfd1 Nfd5 16. Ne5 Nf5 17. Nxd5 Qxd5 18. Qxd5 exd5 19. Bf3 Be6 20. Rc7 Rfc8 21. Rdc1 Rxc7 22. Rxc7 Nd6 23. Rc5 Ne4 24. Rc7 b5 25. Kf1 Bf8 26. Nc6 Bd6 27. Ra7 Rxa7 28. Nxa7 Bd7 29. Bxe4 dxe4 30. d5 f5 31. Bc5 Be5 32. Nc6 Bxc6 33. dxc6 Bc7 34. Ke2 Kf7 35. Ke3 Ke6 36. h4 Kd5 37. g3 Be5 38. Be7 Kxc6 39. f3 Kd5 40. fxe4+ fxe4 41. g4 Bb2 42. Bd8 Bxa3 43. Ba5 Bc1+ 44. Ke2 Kc4 45. h5 gxh5 46. gxh5 Bf4 47. Kf2 Kd3 48. Bb6 e3+ 49. Kf3 e2 50. Bf2 Bd2 51. Kg4 e1Q 52. Bxe1 Bxe1 53. Kg5 Bd2+ 0-1

[Event "Landesliga U20 Sued 1011"]
[Site "Bayern"]
[Date "2010.12.04"]
[Round "3.2"]
[White "Thanner, Daniel"]
[Black "Kaiser, Dominik"]
[Result "1-0"]
[WhiteElo "1996"]
[BlackElo "1664"]
[PlyCount "93"]
[EventDate "2010.10.16"]
[EventType "team-tourn"]
[EventRounds "7"]
[EventCountry "GER"]
[SourceTitle "EXT 2022"]
[Source "ChessBase"]
[SourceDate "2021.10.06"]
[SourceVersion "1"]
[SourceVersionDate "2021.10.06"]
[SourceQuality "1"]
[WhiteTeam "Ortenburg U20"]
[BlackTeam "Kareth Lappersdorf U20"]
[WhiteTeamCountry "GER"]
[BlackTeamCountry "GER"]

1. d4 d5 2. Nf3 Nf6 3. e3 Bf5 4. Bd3 Bg6 5. Ne5 e6 6. Nd2 c5 7. Nxg6 hxg6 8. b3 Nc6 9. Bb2 Qc7 10. h3 cxd4 11. exd4 Rc8 12. a3 Qf4 13. Qf3 Qxf3 14. Nxf3 Bd6 15. 0-0 Nh5 16. g3 Kd7 17. Kg2 a6 18. Ne5+ Nxe5 19. dxe5 Be7 20. f4 g5 21. fxg5 Bxg5 22. Rxf7+ Kc6 23. h4 Bh6 24. Bg6 Be3 25. Raf1 Rh6 26. Bxh5 Rxh5 27. Rxg7 d4 28. Rd1 Rxe5 29. c3 Rf5 30. Kh3 Rf2 31. Ba1 e5 32. cxd4 Rd8 33. Rg6+ Kc7 34. d5 Bc5 35. Bxe5+ Kc8 36. d6 Bxa3 37. Ra1 Bb2 38. Bxb2 Rxb2 39. Rc1+ Kb8 40. Rc3 Rd2 41. h5 R2xd6 42. Rxd6 Rxd6 43. g4 b5 44. Rg3 a5 45. g5 a4 46. bxa4 bxa4 47. g6 1-0

[Event "Deggendorf op 2nd"]
[Site "Deggendorf"]
[Date "2008.05.17"]
[Round "3"]
[White "Thanner, Daniel"]
[Black "Haselbeck, Franz"]
[Result "1/2-1/2"]
[WhiteElo "1630"]
[BlackElo "1924"]
[PlyCount "85"]
[EventDate "2008.05.16"]
[EventType "swiss"]
[EventRounds "5"]
[EventCountry "GER"]
[SourceTitle "CBM 124 Extra"]
[Source "ChessBase"]
[SourceDate "2008.07.03"]
[SourceVersion "1"]
[SourceVersionDate "2008.07.03"]
[SourceQuality "1"]

1. d4 Nf6 2. Nc3 d5 3. Nf3 c6 4. Bf4 Bf5 5. e3 Nbd7 6. Bd3 Bxd3 7. Qxd3 g6 8. 0-0 Bg7 9. Rfe1 0-0 10. e4 Nxe4 11. Nxe4 dxe4 12. Qxe4 e6 13. c3 Nf6 14. Qc2 Rc8 15. Rad1 Qa5 16. b4 Qf5 17. Qxf5 gxf5 18. Rd3 Nd5 19. Be5 f6 20. Bg3 Kf7 21. c4 Nb6 22. Rc3 Rfd8 23. Bf4 Bf8 24. a3 Re8 25. Kf1 Bg7 26. Re2 Nd7 27. Rce3 Nf8 28. Re1 Ng6 29. Bd6 Bh6 30. R3e2 Rcd8 31. c5 Bf4 32. Bxf4 Nxf4 33. Re3 Nd5 34. Rd3 Rg8 35. g3 Ra8 36. Nd2 Rge8 37. Nc4 Re7 38. f4 h5 39. Kf2 Rh8 40. h4 Rg8 41. Nd6+ Kg6 42. Rf3 Rb8 43. Rd3 1/2-1/2

[Event "Niederbayern-ch MK 49th"]
[Site "Vilshofen"]
[Date "2008.??.??"]
[Round "1"]
[White "Palmi, Herbert"]
[Black "Thanner, Daniel"]
[Result "1-0"]
[WhiteElo "2000"]
[BlackElo "1630"]
[PlyCount "155"]
[EventDate "2008.??.??"]
[EventType "swiss"]
[EventRounds "7"]
[EventCountry "GER"]
[SourceTitle "EXT 2010"]
[Source "ChessBase"]
[SourceDate "2010.11.25"]
[SourceVersion "1"]
[SourceVersionDate "2010.11.25"]
[SourceQuality "1"]

1. e4 d5 2. exd5 Qxd5 3. c4 Qd8 4. d4 c6 5. Nc3 Nf6 6. Bf4 Bf5 7. Nf3 e6 8. Qb3 Qb6 9. Qxb6 axb6 10. a3 Be7 11. 0-0-0 0-0 12. Bd3 Bxd3 13. Rxd3 Rd8 14. Bc7 Rc8 15. Bg3 Nbd7 16. Re1 Bf8 17. Ne5 Ra5 18. f4 g6 19. Bf2 Bh6 20. g3 Rd8 21. Kc2 Bf8 22. Red1 Nxe5 23. fxe5 Ne8 24. g4 Be7 25. Ne4 b5 26. c5 Nc7 27. h4 Nd5 28. Rh1 h6 29. b4 Raa8 30. Rf3 Kg7 31. Rf1 Rf8 32. Kb3 Kg8 33. Be1 Kg7 34. Bd2 Ra7 35. g5 h5 36. Ra1 Ra4 37. Raf1 Raa8 38. Nf2 Bd8 39. Nd3 Ne7 40. Bc3 Nf5 41. Nf4 Be7 42. Rh3 Rfd8 43. Rd1 Rd7 44. Ne2 Kg8 45. Be1 Bf8 46. Bf2 Rdd8 47. Ra1 Ra4 48. Rd3 Bg7 49. Nc3 Ra7 50. Kc2 Bf8 51. Rdd1 Be7 52. Kd3 Rda8 53. a4 Kf8 54. Ra2 Ke8 55. Rda1 bxa4 56. b5 Kd7 57. Nxa4 Bd8 58. b6 Ra6 59. Nc3 Rxa2 60. Rxa2 Rxa2 61. Nxa2 Kc8 62. Nc1 Kb8 63. Nb3 Kc8 64. Na5 Kb8 65. Ke4 Kc8 66. Nc4 Kd7 67. Nd6 Nxd6+ 68. exd6 f5+ 69. Kf3 e5 70. dxe5 Ke6 71. Bg3 Kd5 72. Bf4 Ke6 73. Ke3 Kd5 74. e6 Kxe6 75. Kd4 Kf7 76. Ke5 Kf8 77. Ke6 Ke8 78. Be3 1-0

[Event "Niederbayern-ch MK 49th"]
[Site "Vilshofen"]
[Date "2008.??.??"]
[Round "5"]
[White "Thanner, Daniel"]
[Black "Schneider, Roland"]
[Result "1/2-1/2"]
[WhiteElo "1630"]
[BlackElo "1998"]
[PlyCount "46"]
[EventDate "2008.??.??"]
[EventType "swiss"]
[EventRounds "7"]
[EventCountry "GER"]
[SourceTitle "EXT 2010"]
[Source "ChessBase"]
[SourceDate "2010.11.25"]
[SourceVersion "1"]
[SourceVersionDate "2010.11.25"]
[SourceQuality "1"]

1. d4 d5 2. Nf3 Nc6 3. Bf4 Bf5 4. e3 e6 5. Bd3 Bxd3 6. Qxd3 Nf6 7. 0-0 Bd6 8. Bxd6 Qxd6 9. a3 0-0 10. Nc3 Ne7 11. b4 a6 12. Na4 b6 13. Rfc1 Nf5 14. Nb2 Ng4 15. Qe2 Nh4 16. h3 Nxf3+ 17. Qxf3 Qh2+ 18. Kf1 Nf6 19. Nd3 Ne4 20. Ke2 c5 21. Nf4 c4 22. Rh1 Nc3+ 23. Kd2 Ne4+ 1/2-1/2

[Event "Deggendorf op"]
[Site "Deggendorf"]
[Date "2006.06.18"]
[Round "7"]
[White "Thanner, Daniel"]
[Black "Stadler, Alexander"]
[Result "0-1"]
[WhiteElo "977"]
[BlackElo "1235"]
[PlyCount "80"]
[EventDate "2006.06.15"]
[EventType "swiss"]
[EventRounds "7"]
[EventCountry "GER"]
[SourceTitle "EXT 2008"]
[Source "ChessBase"]
[SourceDate "2007.11.25"]
[SourceVersion "1"]
[SourceVersionDate "2007.11.25"]
[SourceQuality "1"]

1. c4 g6 2. Nf3 Bg7 3. d4 Nf6 4. Nc3 0-0 5. e3 d6 6. b3 c5 7. Bb2 b6 8. Be2 Bb7 9. 0-0 Re8 10. Qc2 e6 11. Rad1 Qe7 12. Rd3 Ne4 13. Qd1 Nxc3 14. Bxc3 Be4 15. Rd2 a5 16. a4 Na6 17. Bd3 Bxd3 18. Rxd3 Rad8 19. Qd2 e5 20. dxe5 dxe5 21. Rxd8 Rxd8 22. Qb2 f6 23. e4 Nb8 24. Qe2 Qd6 25. Qd2 Qxd2 26. Nxd2 Rd3 27. Nb1 Nc6 28. f3 Nd8 29. Kf2 Bh6 30. Ke2 Re3+ 31. Kf2 Rd3 32. Ke2 Rd7 33. Na3 Ne6 34. Nc2 Nf4+ 35. Kf2 Rd3 36. Be1 Rxb3 37. Na1 Rb2+ 38. Kg1 Rxg2+ 39. Kh1 Ra2 40. Nb3 Rxa4 0-1

[Event "Niederbayern-ch MK Seniors 47th"]
[Site "Aidenbach"]
[Date "2006.??.??"]
[Round "6"]
[White "Schuster, Franz"]
[Black "Thanner, Daniel"]
[Result "1-0"]
[WhiteElo "1304"]
[BlackElo "977"]
[PlyCount "75"]
[EventDate "2006.??.??"]
[EventType "swiss"]
[EventRounds "7"]
[EventCountry "GER"]
[SourceTitle "EXT 2007"]
[Source "ChessBase"]
[SourceDate "2006.11.23"]
[SourceVersion "1"]
[SourceVersionDate "2006.11.23"]
[SourceQuality "1"]

1. d4 d5 2. c4 e6 3. Nf3 Nf6 4. Nc3 c6 5. Bg5 Be7 6. e3 Nbd7 7. Be2 Qa5 8. Nd2 Bb4 9. Qc1 Ne4 10. Ndxe4 dxe4 11. 0-0 Bxc3 12. bxc3 0-0 13. c5 b6 14. cxb6 Qxg5 15. bxa7 Rxa7 16. f3 f5 17. f4 Qe7 18. c4 c5 19. d5 exd5 20. cxd5 Qd6 21. Bc4 Rc7 22. Qd2 Nb6 23. Rfc1 Bb7 24. Bf1 Qxd5 25. Qa5 Qc6 26. Bb5 Qd6 27. Rd1 Qe6 28. Rac1 Bd5 29. Bc4 Ra8 30. Bxd5 Rxa5 31. Bxe6+ Kf8 32. Bxf5 g6 33. Be6 Ra6 34. Bb3 Rc6 35. Bd5 Rd6 36. Bb7 Rxd1+ 37. Rxd1 Ra7 38. Bxe4 1-0